000 00759nam a2200205Ia 4500
003 GCL
008 140319s9999 xx 000 0 ara d
040 _aGCL /
_cGCL
082 0 4 _a410
_bم م
100 1 _aمحمود فهمى حجازى
245 1 0 _aمحمد فريد ابوحديد: دراسات لغوية وادبية /
_cمحمود فهمى حجازى
700 1 _aمحمد فريد ابوحديد
300 _a92 ص
490 _aالهيئة العامة للاستعلامات
_v0
650 0 4 _aالشعر العربى - تاريخ ونقد
650 0 4 _aاللغة العربية - النحو
650 0 4 _aاللغة العربية - العامية
650 0 4 _aاللغة العربية - مقالات ومحاضرت
942 _2ddc
_cBK
999 _c51837
_d51837